Most Frequently Occurring Star Trek Races Quiz Stats

Quiz Updated Mar 3, 2016

Challenge
Share
Tweet
Embed
Score 0/28 Timer 06:00
0 Plays Today
Appearances Race % Correct
700+Human
97.1%
123Klingon
95%
112Vulcan
93%
59Romulan
84.1%
31Borg
73.7%
101Cardassian
72.4%
92Ferengi
70.9%
23Bajoran
58.8%
21Betazoid
50.2%
30Changeling
46.7%
13Q Continuum
43.7%
24Andorian
43%
15Trill
35.7%
15Kazon
34.9%
Appearances Race % Correct
38Jem'Hadar
33.7%
9Talaxian
28.5%
7Ocampa
26.8%
11Breen
26.6%
33Vorta
26.1%
9Hirogen
24.5%
77Bolian
21.4%
17Xindi
20.4%
15Tellarite
17.9%
11Benzite
14.3%
31El-Aurian
12.7%
9Suliban
11.9%
10Vidiian
7.6%
21Ktarian
3.7%

You're not logged in!

Compare scores with friends on all Sporcle quizzes.
Sign Up with Email
OR
Log In

You Might Also Like...

Show Comments

Extras

Top Quizzes Today


Score Distribution

Your Account Isn't Verified!

In order to create a playlist on Sporcle, you need to verify the email address you used during registration. Go to your Sporcle Settings to finish the process.